Welcome to the Holygrace Academy Library

Please use search bar below to get started

SAINT JOAN (Record no. 2848)

MARC details
000 -LEADER
fixed length control field 00381nam a22001577a 4500
020 ## - INTERNATIONAL STANDARD BOOK NUMBER
ISBN 978-81-248-0290-8
082 ## - DEWEY DECIMAL CLASSIFICATION NUMBER
Classification number 823
Item number SHA/S
100 ## - MAIN ENTRY--AUTHOR NAME
Personal name BERNARD SHAW, GEORGE
245 ## - TITLE STATEMENT
Title SAINT JOAN
Remainder of title CLASSIC BOOKS
246 ## - VARYING FORM OF TITLE
Title proper/short title SAINT JOHN
Remainder of title CLASSIC BOOKS
260 ## - PUBLICATION, DISTRIBUTION, ETC. (IMPRINT)
Place of publication NEW DELHI
Name of publisher PECOCK BOOKS
Year of publication 2018
300 ## - PHYSICAL DESCRIPTION
Number of Pages 109
520 ## - SUMMARY, ETC.
Summary, etc CLASSIC BOOKS
650 ## - SUBJECT ADDED ENTRY--TOPICAL TERM
Topical Term CLASSIC BOOKS
942 ## - ADDED ENTRY ELEMENTS (KOHA)
Koha item type Books
Holdings
Withdrawn status Lost status Collection code Home library Current library Shelving location Date acquired Source of acquisition Cost, normal purchase price Full call number Accession Number Koha item type
    Fiction Main Library Main Library SHELF 4-F ENGLISH CLASSICS 16/01/2019 Purchase 125.00 823 SHA/S 10421 Books